| 000 | 00743cam a2200253 4500 | ||
|---|---|---|---|
| 008 | 090401t1992 xxu||||| |||| 00| 0 eng d | ||
| 020 | _a0632033789 | ||
| 035 | _a(Sirsi) u15698 | ||
| 041 | _aeng | ||
| 050 | _a692.2 | ||
| 100 | _aPowell-Smith, Vincent | ||
| 245 | 4 | _aThe Building Regulations explained & illustrated. | |
| 250 | _a9th ed. | ||
| 260 |
_aOxford _bBlackwell Scientific Publications _c1992 |
||
| 300 | _aca.550p. : ill. ; 24cm. | ||
| 350 | _a22.5 | ||
| 520 | _aFirst six editions were by Vincent Powell-Smith and W.S. Whyte. | ||
| 650 |
_aBUILDING REGULATIONS _96224 |
||
| 650 | _aWHYTE W S | ||
| 690 | _aBUILDING AND CONSTRUCTION-REGULATIONS | ||
| 700 | _aBillington, M. J. | ||
| 942 | _n0 | ||
| 948 | _c04/03/1997 | ||
| 999 |
_c87298 _d87298 |
||